| 000 | 00509cam a22001931 4500 | ||
|---|---|---|---|
| 001 | 000019229 | ||
| 005 | 20200929165945.0 | ||
| 008 | 890329s1929 fr 000 0 fre | ||
| 010 | _a39006089 | ||
| 035 | _a(OCoLC)23399040 | ||
| 040 |
_aDO-SdBNP _cMiU _dDLC |
||
| 050 | 0 | 0 |
_aPQ2605.L2 _bA85 1929 |
| 100 | 1 |
_aClaudel, Paul, _d1868-1955 _96174 |
|
| 245 | 1 | 0 | _aArt poetique:. |
| 250 | _a11. ed. | ||
| 260 |
_aParis, : _bMercvre de France, _c1929. |
||
| 300 | _ap. cm. | ||
| 910 | _aCatalogación derivada / LC | ||
| 999 |
_c18747 _d18747 |
||